LEADER 00902nam0-22002891i-450- 001 990006635800403321 005 20001010 035 $a000663580 035 $aFED01000663580 035 $a(Aleph)000663580FED01 035 $a000663580 100 $a20001010d--------km-y0itay50------ba 101 0 $aita 105 $ay-------001yy 200 1 $aAnalisi finanziaria e dinamica dell'impresa agraria$euno studio metodologico ed una ricerca esplorativa$fEzio Salvini 210 $aBologna$cIl Mulino$dc 1989 215 $a113 p., 22 cm 225 1 $aIstituto Nazionale di Econonia Agraria. Studi e Ricerche$v 700 1$aSalvini,$bEzio$075471 801 0$aIT$bUNINA$gRICA$2UNIMARC 901 $aBK 912 $a990006635800403321 952 $aVI G 78$bINV.N.11769$fFSPBC 959 $aFSPBC 996 $aAnalisi finanziaria e dinamica dell'impresa agraria$962895 997 $aUNINA DB $aGEN01 LEADER 01235nam 22004453 450 001 9910151773203321 005 20231110231652.0 010 $a1-101-96924-5 035 $a(CKB)3710000000953450 035 $a(MiAaPQ)EBC6045458 035 $a(Au-PeEL)EBL6045458 035 $a(OCoLC)1159173470 035 $a(EXLCZ)993710000000953450 100 $a20210901d2016 uy 0 101 0 $aeng 135 $aurcnu|||||||| 181 $ctxt$2rdacontent 182 $cc$2rdamedia 183 $acr$2rdacarrier 200 10$aWhat Dreams May Come 210 1$a :$cRandom House Publishing Group,$d2016. 210 4$dİ2016. 215 $a1 online resource (139 pages) 225 1 $aOnce upon a Time ;$vv.3 410 0$aOnce upon a Time 606 $aMan-woman relationships--Fiction. 606 $aTraffic accidents--Fiction. 606 $aComa--Fiction 615 0$aMan-woman relationships--Fiction.. 615 0$aTraffic accidents--Fiction.. 615 0$aComa--Fiction. 676 $a813/.54 700 $aHooper$b Kay$01247522 801 0$bMiAaPQ 801 1$bMiAaPQ 801 2$bMiAaPQ 906 $aBOOK 912 $a9910151773203321 996 $aWhat Dreams May Come$93414719 997 $aUNINA